<The> relation of stock markets and real economy

Vzťahy medzi vývojom HDP a burzami cenných papierov v rozvinutých krajinách. Vzťah mezi vývojom ekonomiky a burzami cenných papierov v krajinách BRIC. Vzťah HDP a burzami cenných papierov vo V4. Zmeny, ktoré ovplyvňujú tieto vzťahy sú spojené s globalizačnými trendami.

Guardado en:
Detalles Bibliográficos
Autor principal: Chovancová, Božena
Otros Autores: Tkáčová, Daniela, 1954-
Formato: Capítulo de libro
Lenguaje:inglés
Materias:
Etiquetas: Agregar Etiqueta
Sin Etiquetas, Sea el primero en etiquetar este registro!

MARC

LEADER 00000naa$a2200000$$$4500
001 0169839
005 20240502083412.9
041 0 |a eng 
044 |a CZ 
245 1 0 |a <The> relation of stock markets and real economy  |c Božena Chovancová, Dana Tkáčová 
520 |a Vzťahy medzi vývojom HDP a burzami cenných papierov v rozvinutých krajinách. Vzťah mezi vývojom ekonomiky a burzami cenných papierov v krajinách BRIC. Vzťah HDP a burzami cenných papierov vo V4. Zmeny, ktoré ovplyvňujú tieto vzťahy sú spojené s globalizačnými trendami. 
610 2 0 |a rast hospodársky 
610 2 0 |a burzy cenných papierov 
610 2 0 |a produkt domáci hrubý 
610 2 0 |a krajiny vyspelé 
610 2 0 |a BRICS 
610 2 0 |a Vyšehradská štvorka 
100 1 |a Chovancová, Božena 
700 1 |a Tkáčová, Daniela, 1954-